[Event "TIMÃO"]
[Site "http://www.queenalice.com/game.php?id=325398"]
[Date "2007.12.25"]
[Round "-"]
[White "gerchurches"]
[Black "corinthians2"]
[Result "1-0"]
[WhiteElo "2345"]
[BlackElo "2124"]

1. e4 c5 2. Nf3 Nc6 3. d4 cxd4 4. Nxd4 Nf6 5. Nc3 e5 6. Ndb5 d6 7. Bg5 a6 8. Na3
b5 9. Bxf6 gxf6 10. Nd5 Bg7 11. Bd3 Ne7 12. Nxe7 Qxe7 13. c4 f5 14. O-O O-O 15.
Qh5 Rb8 16. exf5 e4 17. Rae1 Bb7 18. Qg4 Rfe8 19. cxb5 Ba8 20. Re3 d5 21. f3 Qc5
22. Nc2 Kh8 23. b4 Qb6 24. fxe4 dxe4 25. Bc4 Bd4 26. Nxd4 Qxd4 27. Qe2 Rec8 28.
Rd1 Qf6 29. a4 Qxf5 30. Qb2+ 1-0

[Event "Lasker-Capablanca Board2"]
[Site "http://www.queenalice.com/game.php?id=325450"]
[Date "2007.12.25"]
[Round "-"]
[White "gerchurches"]
[Black "Amadeus"]
[Result "0-1"]
[WhiteElo "2330"]
[BlackElo "2543"]

1. e4 d6 2. d4 g6 3. c4 Bg7 4. Nc3 Nf6 5. f4 O-O 6. Nf3 c5 7. d5 e6 8. Be2 exd5
9. cxd5 Bg4 10. O-O Nbd7 11. a4 a6 12. a5 Nh5 13. Be3 Re8 14. Nd2 Bxe2 15. Qxe2
Bxc3 16. bxc3 Nhf6 17. Qd3 Qe7 18. Rfb1 Rab8 19. Ra4 Ng4 20. Bf2 f5 21. Bg3 Ngf6
22. Bh4 Qf7 23. Qf3 b5 24. axb6 Nxb6 25. e5 Nxa4 26. Rxb8 Rxb8 27. Bxf6 Nb6 28.
c4 Nd7 29. Bg5 dxe5 30. fxe5 Nxe5 31. Qa3 Qc7 32. h3 a5 33. Bf4 Re8 34. Qa4 Ra8
35. Qa3 a4 36. Qa1 Nf3+ 37. Nxf3 Qxf4 38. Qf6 Qe3+ 39. Kh2 a3 40. Ne5 Ra7 41.
Qd8+ Kg7 42. Nd7 Qf4+ 43. g3 Qd6 0-1

[Event "Let's Play Chess!"]
[Site "http://www.queenalice.com/game.php?id=326412"]
[Date "2007.12.27"]
[Round "-"]
[White "gerchurches"]
[Black "colognestar"]
[Result "1-0"]
[WhiteElo "2335"]
[BlackElo "2083"]

1. e4 e5 2. Nf3 Nc6 3. Bc4 Nf6 4. Ng5 d5 5. exd5 Na5 6. Bb5+ c6 7. dxc6 bxc6 8.
Be2 h6 9. Nf3 e4 10. Ne5 Bc5 11. c3 Qd5 12. f4 exf3 13. Nxf3 Nc4 14. d4 Bd6 15.
b3 Nb6 16. O-O Bc7 17. Ba3 Be6 18. Ba6 Nbd7 19. Re1 g5 20. Qd3 Kd8 21. Qf1 g4
22. Ne5 Nxe5 23. Qxf6+ 1-0

[Event "Let's Play Chess!"]
[Site "http://www.queenalice.com/game.php?id=326413"]
[Date "2007.12.27"]
[Round "-"]
[White "colognestar"]
[Black "gerchurches"]
[Result "0-1"]
[WhiteElo "2089"]
[BlackElo "2337"]

1. Nf3 d5 2. g3 c5 3. Bg2 Nc6 4. O-O e5 5. d3 Nf6 6. a3 Be7 7. Nbd2 O-O 8. c3
Qd6 9. b4 e4 10. dxe4 dxe4 11. Ng5 e3 12. fxe3 Qe5 13. Ndf3 Qxc3 14. Bd2 Qc4 15.
Rc1 Qa6 16. bxc5 h6 17. Nh3 Qxa3 18. Nf4 Bxc5 19. Rc3 Qa5 20. Nd3 Bxe3+ 0-1

[Event "175"]
[Site "http://www.queenalice.com/game.php?id=328744"]
[Date "2008.1.8"]
[Round "-"]
[White "phystutordotcom"]
[Black "gerchurches"]
[Result "0-1"]
[WhiteElo "2038"]
[BlackElo "2331"]

1. Nf3 d5 2. d3 c5 3. g3 Nc6 4. Nbd2 e5 5. e4 Nf6 6. Bg2 dxe4 7. dxe4 Be7 8. O-O
O-O 9. c3 Qc7 10. Qe2 Rd8 11. Nc4 b5 12. Ne3 c4 13. Nf5 Be6 14. Nxe7+ Qxe7 15.
Bg5 h6 16. Bxf6 Qxf6 17. h3 a5 18. Rfd1 b4 19. Kh2 a4 20. cxb4 Nxb4 21. Ne1 Rxd1
22. Qxd1 Qxf2 23. a3 Nc6 24. Rc1 Qxb2 0-1

[Event "Timão"]
[Site "http://www.queenalice.com/game.php?id=332059"]
[Date "2008.1.8"]
[Round "-"]
[White "corinthians2"]
[Black "gerchurches"]
[Result "0-1"]
[WhiteElo "2106"]
[BlackElo "2350"]

1. d4 e6 2. c4 d5 3. Nc3 Nf6 4. cxd5 exd5 5. Bg5 Be7 6. e3 c6 7. Qc2 Nbd7 8. Bd3
O-O 9. Nge2 Re8 10. O-O Nf8 11. Ng3 Bd6 12. Rae1 h6 13. Bxf6 Qxf6 14. f3 Be6 15.
Qf2 Rad8 16. e4 Bxg3 17. hxg3 dxe4 18. Rxe4 Ng6 19. Rd1 Re7 20. Bf1 Red7 21. Be2
Bf5 0-1

[Event "Timão"]
[Site "http://www.queenalice.com/game.php?id=332060"]
[Date "2008.1.8"]
[Round "-"]
[White "gerchurches"]
[Black "corinthians2"]
[Result "0-1"]
[WhiteElo "2321"]
[BlackElo "2123"]

1. e4 c5 2. Nf3 Nc6 3. d4 cxd4 4. Nxd4 Nf6 5. Nc3 e5 6. Ndb5 d6 7. Bg5 a6 8. Na3
b5 9. Bxf6 gxf6 10. Nd5 f5 11. Bxb5 axb5 12. Nxb5 Ra4 13. Nbc7+ Kd7 14. O-O Rxe4
15. Qh5 Ne7 16. Qxf7 Kc6 17. c4 Qd7 18. Na8 Ng6 19. Nb4+ Kb7 20. Qd5+ Kb8 21.
Nc6+ Kxa8 22. Qb5 Qc7 23. Qa4+ Kb7 24. Na5+ Kb8 25. Qb5+ Ka8 26. Qd5+ Bb7 27.
Nxb7 Qxb7 28. Qa5+ Qa7 29. Qd8+ Qb8 30. Qa5+ Kb7 31. Qd5+ Kc7 32. Rfd1 Qc8 33.
b3 Be7 34. Qa5+ Kd7 35. f3 Rh4 36. g3 Rh5 37. a4 Qc7 38. Qb5+ Qc6 39. a5 Qxb5
40. cxb5 Bd8 41. b6 Bxb6+ 42. axb6 Ne7 43. Rdc1 Nc6 44. Ra7+ Nxa7 45. Rc7+ Ke6
46. bxa7 d5 47. Rb7 Ra8 48. b4 d4 49. h4 f4 50. Rb6+ Kd5 51. Rb5+ Kc4 52. Rb7 d3
53. b5 d2 54. Rd7 Rxa7 55. Rxd2 fxg3 56. b6 Rb7 57. Ra2 Rxb6 58. Kg2 Rxh4 59.
Ra7 Rf4 60. Rxh7 Rb3 61. Rc7+ Kd5 0-1

[Event "Let's Play Chess!"]
[Site "http://www.queenalice.com/game.php?id=338118"]
[Date "2008.1.18"]
[Round "-"]
[White "gerchurches"]
[Black "Panter"]
[Result "0-1"]
[WhiteElo "2334"]
[BlackElo "2281"]

1. e4 c6 2. d4 d5 3. Nc3 dxe4 4. Nxe4 Nf6 5. Nxf6+ exf6 6. c3 Bd6 7. Bd3 O-O 8.
Ne2 Qc7 9. Qc2 h6 10. c4 c5 11. dxc5 Bxc5 12. Bf4 Bb4+ 13. Kf1 Bd6 14. Bxd6 Qxd6
15. Rd1 Qc5 16. a3 a5 17. Nc3 Be6 18. Ne4 Qc7 19. Nd6 Rd8 20. Nb5 Qe7 21. Bh7+
Kh8 22. Bd3 Nc6 23. b3 Nd4 24. Nxd4 Rxd4 25. Ra1 Qd7 26. Be2 Bf5 27. Qc3 Bd3 28.
Bxd3 Rxd3 29. Qc1 Rd8 30. g3 Qg4 0-1

[Event "Let's Play Chess!"]
[Site "http://www.queenalice.com/game.php?id=338119"]
[Date "2008.1.18"]
[Round "-"]
[White "Panter"]
[Black "gerchurches"]
[Result "0-1"]
[WhiteElo "2295"]
[BlackElo "2320"]

1. d4 e6 2. c4 Nf6 3. Nf3 c5 4. d5 exd5 5. cxd5 d6 6. e4 Nbd7 7. Qc2 Be7 8. Be2
O-O 9. O-O Ng4 10. Nc3 Bf6 11. Bf4 Qe7 12. h3 Nge5 13. Nxe5 Nxe5 14. Rfe1 Ng6
15. Bg3 Be5 16. Bxe5 Qxe5 17. Bf1 Bd7 18. g3 Qg5 19. Kh2 Qf6 20. f4 h5 21. Re3
h4 22. Ne2 hxg3+ 23. Rxg3 Rae8 24. f5 Ne5 25. Nc3 a6 26. a4 Kh7 27. Be2 g6 28.
Qd2 Qh4 29. Qg5 Qxg5 30. Rxg5 Kg7 31. Rf1 Rh8 32. Rg3 c4 33. f6+ Kh6 34. h4 b5
35. axb5 axb5 36. Nd1 Ra8 37. Rf2 b4 38. Bf1 Ra2 39. Bh3 Ba4 40. Rg1 Nd3 0-1

[Event "Fischer Memorial"]
[Site "http://www.queenalice.com/game.php?id=347267"]
[Date "2008.2.2"]
[Round "1"]
[White "gerchurches"]
[Black "ALL"]
[Result "0-1"]
[WhiteElo "2341"]
[BlackElo "2367"]

1. e4 e6 2. d4 d5 3. Nc3 Bb4 4. e5 c5 5. a3 Bxc3+ 6. bxc3 Ne7 7. Qg4 Qc7 8. Qxg7
Rg8 9. Qxh7 cxd4 10. Ne2 Nbc6 11. f4 Bd7 12. Qd3 dxc3 13. Qxc3 Nf5 14. Rb1 O-O-O
15. Rg1 d4 16. Qd3 f6 17. exf6 e5 18. g4 Nd6 19. g5 e4 20. Qb3 Kb8 21. h4 d3 22.
cxd3 exd3 23. Ng3 Nd4 24. Qxd3 Rge8+ 25. Kf2 Bf5 26. Rxb7+ Qxb7 27. Qc3 Qb6 28.
f7 Nxf7 29. Qb4 Rc8 30. Qxb6+ axb6 31. Nxf5 Rc2+ 32. Kg3 Nxf5+ 33. Kg4 N5h6+ 34.
Kh5 Rxc1 35. Bb5 Rxg1 36. Bxe8 Nd6 37. Kxh6 Nxe8 0-1

[Event "Let's Play Chess!"]
[Site "http://www.queenalice.com/game.php?id=348614"]
[Date "2008.2.8"]
[Round "-"]
[White "gerchurches"]
[Black "TcheRenato"]
[Result "1-0"]
[WhiteElo "2312"]
[BlackElo "2208"]

1. e4 e5 2. Nf3 Nc6 3. Bc4 Nf6 4. Ng5 d5 5. exd5 Nxd5 6. Nxf7 Kxf7 7. Qf3+ Ke6
8. Nc3 Nb4 9. Qe4 c6 10. a3 Na6 11. d4 Nc7 12. Bf4 Kf7 13. Bxe5 Be6 14. O-O Nf6
15. Bxe6+ Nxe6 16. Qd3 Bd6 17. f4 Re8 18. f5 Nc7 19. Qg3 Bxe5 20. dxe5 Qd4+ 21.
Kh1 Qxe5 22. Qh4 Rad8 23. Rae1 Qc5 24. Ne4 Nxe4 25. Rxe4 Qxc2 26. Ref4 Nd5 27.
R4f2 Qe4 28. Qxh7 Ne3 29. Qh5+ Kg8 30. Re2 Nxf1 31. Rxe4 Rxe4 32. f6 Rde8 33.
f7+ Kf8 34. fxe8=Q+ Rxe8 35. Qf5+ 1-0

[Event "I Torneo Cubano"]
[Site "http://www.queenalice.com/game.php?id=357516"]
[Date "2008.2.20"]
[Round "5"]
[White "mariocarlos"]
[Black "gerchurches"]
[Result "0-1"]
[WhiteElo "2106"]
[BlackElo "2321"]

1. e4 e6 2. d4 d5 3. Nc3 Bb4 4. e5 c5 5. Qg4 Ne7 6. dxc5 Nbc6 7. Bd2 O-O 8. Bd3
d4 9. Nf3 dxc3 10. bxc3 Bxc5 11. Bxh7+ Kxh7 12. Qh5+ Kg8 13. Ng5 Qxd2+ 14. Kxd2
Rd8+ 15. Ke2 Ng6 16. Qh7+ Kf8 17. Rhd1 Bd7 18. h4 Ncxe5 19. h5 Bb5+ 20. Ke1 Ng4
21. Ne4 Nf4 22. Qh8+ Ke7 23. Qxd8+ Rxd8 24. Rxd8 Kxd8 25. Nxc5 b6 26. Ne4 Nxg2+
27. Kd2 Bc6 28. Ng5 Ke7 29. a4 Nxf2 30. a5 b5 31. Rf1 f6 32. Rxf2 fxg5 0-1

[Event "AUTO-MASTER-271"]
[Site "http://www.queenalice.com/game.php?id=365604"]
[Date "2008.3.4"]
[Round "2"]
[White "gerchurches"]
[Black "glmelo"]
[Result "0-1"]
[WhiteElo "2319"]
[BlackElo "2374"]

1. e4 e6 2. d4 d5 3. Nc3 Nf6 4. Bg5 Bb4 5. e5 h6 6. Bd2 Bxc3 7. bxc3 Ne4 8. Qg4
g6 9. Qf4 c5 10. Bd3 Nxd2 11. Qxd2 Nc6 12. Nf3 c4 13. Be2 Bd7 14. O-O Qe7 15.
Rfb1 b6 16. a3 O-O-O 17. Qe3 g5 18. Rb2 f5 19. Qc1 g4 20. Nd2 Qg5 21. a4 Na5 22.
Qd1 h5 23. Nf1 f4 24. f3 Rdg8 25. Qc1 Be8 26. Nd2 Rg7 27. Kh1 Bg6 28. Rab1 Bf5
29. Qe1 h4 30. fxg4 h3 31. Qf2 Bxg4 32. Rg1 Bxe2 33. Qxe2 Rhg8 34. g3 Qh4 35.
Rbb1 fxg3 36. hxg3 Rxg3 37. Rxg3 Rxg3 0-1

[Event "AUTO-MASTER-271"]
[Site "http://www.queenalice.com/game.php?id=365605"]
[Date "2008.3.4"]
[Round "2"]
[White "glmelo"]
[Black "gerchurches"]
[Result "1-0"]
[WhiteElo "2363"]
[BlackElo "2330"]

1. e4 e6 2. d4 d5 3. Nd2 c5 4. exd5 Qxd5 5. Ngf3 cxd4 6. Bc4 Qd6 7. O-O Nf6 8.
Nb3 Nc6 9. Nfxd4 Nxd4 10. Nxd4 Bd7 11. c3 Qc7 12. Qe2 Bd6 13. h3 Rc8 14. Bb3 O-O
15. Bg5 Be7 16. Rad1 Qc5 17. Bf4 a5 18. Bc2 Rfd8 19. Be5 a4 20. Rfe1 a3 21. b3
Bd6 22. Bxf6 gxf6 23. Qf3 f5 24. Qh5 Bf4 25. Rd3 h6 26. g3 Bg5 27. h4 Bf6 28.
Qxh6 Bg7 29. Qg5 Re8 30. h5 f4 31. Qg4 Kh8 32. Qh4 e5 33. Ne2 Bf5 34. h6 Bxd3
35. hxg7+ Kxg7 36. Bxd3 Rh8 37. Qg5+ Kf8 38. Qf6 1-0

[Event "AUTO-MASTER-271"]
[Site "http://www.queenalice.com/game.php?id=365606"]
[Date "2008.3.4"]
[Round "2"]
[White "gerchurches"]
[Black "OrlandoRochaFilho"]
[Result "0-1"]
[WhiteElo "2255"]
[BlackElo "2019"]

1. e4 c5 2. Nf3 d6 3. d4 cxd4 4. Nxd4 Nf6 5. Nc3 a6 6. Bg5 e6 7. f4 Be7 8. Qf3
Qc7 9. O-O-O Nbd7 10. g4 h6 11. Bh4 g5 12. fxg5 Ne5 13. Qg3 Nfxg4 14. gxh6 Rxh6
15. Bxe7 Qxe7 16. Be2 Qh4 17. Rhg1 Qxg3 18. Rxg3 Nf6 19. Nf3 Ke7 20. Nxe5 dxe5
21. Rg5 Rxh2 22. Rxe5 b6 23. Bd3 Bb7 24. Rg5 Nd7 25. a4 Nc5 26. a5 Nxd3+ 27.
cxd3 bxa5 28. Rxa5 Rg8 29. Rd2 Rh3 30. Kc2 Rc8 31. Rf2 f6 32. Ra4 Rd8 33. d4 Rc8
34. Kd2 Rch8 35. Rb4 Ba8 36. Re2 Rd8 37. Rc4 Rb8 38. Kc2 Rd8 0-1

[Event "AUTO-MASTER-271"]
[Site "http://www.queenalice.com/game.php?id=365607"]
[Date "2008.3.4"]
[Round "2"]
[White "OrlandoRochaFilho"]
[Black "gerchurches"]
[Result "0-1"]
[WhiteElo "2003"]
[BlackElo "2328"]

1. b3 e5 2. Bb2 Nc6 3. e3 d5 4. Bb5 Bd6 5. f4 f6 6. Qh5+ g6 7. Qh4 exf4 8. exf4
Bd7 9. Ne2 Nb4 10. Bxd7+ Qxd7 11. Na3 O-O-O 12. O-O Re8 13. Rfe1 Kb8 14. Nc3 Ne7
15. Qf2 a6 16. Ne2 Rhf8 17. d3 Nf5 18. Ng3 Nxg3 19. hxg3 Qf5 20. Rf1 g5 0-1

[Event "AUTO-MASTER-271"]
[Site "http://www.queenalice.com/game.php?id=365608"]
[Date "2008.3.4"]
[Round "2"]
[White "gerchurches"]
[Black "Brandon"]
[Result "0-1"]
[WhiteElo "2278"]
[BlackElo "2400"]

1. e4 e5 2. Nf3 Nf6 3. Nxe5 d6 4. Nf3 Nxe4 5. Qe2 Qe7 6. d3 Nf6 7. Bg5 Be6 8.
Nc3 Nbd7 9. Nb5 Kd8 10. Nbd4 Bd5 11. c4 Bxf3 12. Nxf3 d5 13. O-O-O Qxe2 14. Bxe2
Bd6 15. Rhe1 Re8 16. h3 h6 17. Be3 c6 18. a3 Bg3 0-1

[Event "AUTO-MASTER-271"]
[Site "http://www.queenalice.com/game.php?id=365609"]
[Date "2008.3.4"]
[Round "2"]
[White "Brandon"]
[Black "gerchurches"]
[Result "1-0"]
[WhiteElo "2406"]
[BlackElo "2270"]

1. e4 e6 2. d4 d5 3. Nc3 Bb4 4. Ne2 dxe4 5. a3 Bxc3+ 6. Nxc3 Nc6 7. Bb5 Ne7 8.
Bg5 f6 9. Be3 O-O 10. Qd2 f5 11. O-O-O Nd5 12. Nxd5 exd5 13. Bxc6 bxc6 14. Bf4
Rb8 15. Qc3 Qd7 16. h4 Rb5 17. h5 Ba6 18. Rh3 Rb6 19. Rg3 1-0

[Event "Els meus amics"]
[Site "http://www.queenalice.com/game.php?id=367474"]
[Date "2008.3.8"]
[Round "5"]
[White "LoveChess"]
[Black "gerchurches"]
[Result "1-0"]
[WhiteElo "2519"]
[BlackElo "2236"]

1. e4 e6 2. d4 d5 3. e5 c5 4. c3 Nc6 5. Nf3 Qb6 6. Bd3 cxd4 7. cxd4 Bd7 8. O-O
Nxd4 9. Nbd2 Bc5 10. b4 Be7 11. a3 Nh6 12. Nb3 Nxb3 13. Qxb3 Nf5 14. Bxf5 exf5
15. Be3 Qg6 16. Rfc1 O-O 17. Rc7 Rfd8 18. Rxb7 f4 19. Bd4 Qa6 20. Rc7 1-0